00641nam a2200181Ia 4500003000900000008004100009040001600050080002500066110003300091245015800124260005000282300000800332500002900340650002700369650002400396650001800420650002100438IN-BaIIA211028s9999 xx 000 0 eng d cIIA Library a083.7:69.003.12bISI aIndian Standards Institution 0aIndian standard method of measurement of building and civil engineering workbpt. 17, roadwork including airfield pavementscIndian Standards Institution aNew DelhibIndian Standards Institutionc1969 a6p. aIS 1200 : Part 17 : 1969 a Airfield Pavements  a Civil Engineering a Standards  aNASA Thesaurus